| Record ID | ia:clinicalcomputed0000chiu |
| Source | Internet Archive |
| Download MARC XML | https://archive.org/download/clinicalcomputed0000chiu/clinicalcomputed0000chiu_marc.xml |
| Download MARC binary | https://www.archive.org/download/clinicalcomputed0000chiu/clinicalcomputed0000chiu_meta.mrc |
LEADER: 00956pam a2200289 a 4500
001 94003656
003 DLC
005 19950126160808.8
008 940622s1995 nyua b 001 0 eng c
010 $a 94003656
020 $a0781702356
040 $aDNLM/DLC$cDLC$dDLC
050 10 $aRC78.7.T6$bC45 1995
060 00 $aWN 160 C6402 1995
082 00 $a616.07/572$220
100 1 $aChiu, Lee C.
245 10 $aClinical computed tomography for the technologist /$cLee C. Chiu, James D. Lipcamon, Victoria S. Yiu-Chiu.
250 $a2nd ed.
260 $aNew York :$bRaven Press,$cc1995.
300 $axiii, 208 p. :$bill. ;$c29 cm.
500 $aRev. ed. of.: Clinical computed tomography. 1986.
504 $aIncludes bibliographical references and index.
650 0 $aTomography.
650 2 $aTomography Scanners, X-Ray Computed.
700 1 $aLipcamon, James D.
700 20 $aYiu-Chiu, Victoria S.
700 11 $aChiu, Lee C.$tClinical computed tomography.